书目信息 |
| 题名: |
100道人气煲汤
|
|
| 作者: | 吴吉琳 | |
| 分册: | ||
| 出版信息: | 汉口 湖北科学技术出版社 2015.03 |
|
| 页数: | 158页 | |
| 开本: | 20cm | |
| 丛书名: | ||
| 单 册: | ||
| 中图分类: | TS972.122 | |
| 科图分类: | ||
| 主题词: | 饮食业--供应技术 | |
| 电子资源: | ||
| ISBN: | 7-5352-7320-3 | |
| 000 | 00578nam0 2200205 450 | |
| 001 | 2701 | |
| 005 | 20161205145825.24 | |
| 010 | @a7-5352-7320-3@dCNY38.00 | |
| 100 | @a20150810d2015 km y0chiy0120 ea | |
| 101 | 0 | @achi |
| 102 | @aCN | |
| 200 | 1 | @a100道人气煲汤@A100 dao ren qi bao tang@f吴吉琳@Fwu ji lin |
| 210 | @a汉口@c湖北科学技术出版社@d2015.03 | |
| 215 | @a158页@d20cm | |
| 330 | @a汤菜·菜谱 | |
| 606 | 0 | @a饮食业@x供应技术 |
| 690 | @aTS972.122@v4 | |
| 701 | 0 | @a吴吉琳@Awu ji lin |
| 801 | 0 | @aCN@b大连网信软件有限公司图书馆·11@c20161205 |
| 905 | @aZUCC@dTS972.122@e435 | |
| 100道人气煲汤/吴吉琳.-汉口:湖北科学技术出版社,2015.03 |
| 158页;20cm |
| ISBN 7-5352-7320-3:CNY38.00 |
| 汤菜·菜谱 |
| ● |
| 相关链接 |
|
|
|
|
正题名:100道人气煲汤
索取号:TS972.122/435
 
预约/预借
| 序号 | 登录号 | 条形码 | 馆藏地/架位号 | 状态 | 备注 |
| 1 | 910646 | 209106466 | 第二样本阅览室/ [索取号:TS972.122/435] | 在馆 | |
| 2 | 910647 | 209106475 | 第三借阅区/ [索取号:TS972.122/435] | 在馆 | |
| 3 | 910648 | 209106484 | 第三借阅区/ [索取号:TS972.122/435] | 在馆 | |
| 4 | 910649 | 209106493 | 第三借阅区/ [索取号:TS972.122/435] | 在馆 | |
| 5 | 910650 | 209106509 | 第三借阅区/ [索取号:TS972.122/435] | 在馆 |